| 000 | 01921nam0a2200385 4500 | ||
|---|---|---|---|
| 001 | RU\NLR\bibl\1221821 | ||
| 005 | 20260405153934.0 | ||
| 010 |
_a978-5-93491-170-7 _9300 |
||
| 021 |
_aRU _b2008-17729 _9969 |
||
| 035 | _a(nilc)EL/0000183218 | ||
| 035 | _aRUM0042818 | ||
| 035 | _a(NLR Aleph) 001208166 | ||
| 090 |
_a61054 _c61054 |
||
| 100 | _a20080218d2007 |||y0rusy50 ca | ||
| 101 | 0 | _arus | |
| 102 | _aRU | ||
| 105 | _aa z ||||| | ||
| 200 | 1 |
_aМетодологические аспекты анализа оборотного капитала и оборотных средств пищевой промышленности _fВ.И. Нечаев, Л.Н. Герасимова, С.М. Резниченко |
|
| 210 |
_aКраснодар _cПросвещение-Юг _d2007 |
||
| 215 |
_a373 с. _cил. _d21 |
||
| 320 | _aБиблиогр.: с. 320-337 (251 назв.) | ||
| 606 | 1 |
_aПищевая промышленность _xОборотные средства _xАнализ _92513000 _3RU\NLR\auth\661489593 |
|
| 610 | 0 |
_aпищевая промышленность _aкапитал _aоборотные средства _aтеория _aметодология _aэкономический анализ |
|
| 675 |
_a664 _v4 |
||
| 686 |
_a65.01.75 _2rugasnti |
||
| 686 | _aУ30(2)67-572 | ||
| 700 | 1 |
_4070 _7ca _8rus _aНечаев _bВ. И. _cд-р экон. наук _f1957- _gВасилий Иванович _930523 _3RU\NLR\auth\7747588 |
|
| 701 | 1 |
_4070 _7ca _8rus _aГерасимова _bЛ. Н. _cд-р экон. наук _gЛариса Николаевна _947859 _3RU\NLR\auth\7764930 |
|
| 701 | 1 |
_4070 _7ca _8rus _aРезниченко _bС. М. _f1956- _gСергей Михайлович _947857 _3RU\NLR\auth\7764928 |
|
| 801 | 0 |
_aRU _bЦНСХБ РАСХН _c20080218 _gRCR |
|
| 801 | 1 |
_aRU _bЦНСХБ РАСХН _c20080327 |
|
| 801 | 2 |
_aRU _bNLR _c20080504 _grcr |
|
| 942 | _cBOOK | ||
| 980 | _aNB | ||